000 00403nam a2200157Ia 4500
008 240729s9999 xx 000 0 und d
022 _a2504-110X
245 0 _aDigital Biomarkers
260 _aSwitzerland
260 _bKarger Publishers
650 _a Biology (General)
650 _aScience
856 _uhttps://doaj.org/toc/5610864d1ba2446b9066ed4c6c2d8dcb
942 _2ddc
942 _cDOAJEJ
999 _c73783
_d73783
945 _a1
_bMadushi Gamage
_c1
_dMadushi Gamage